Catálogo
 En Linea

La biblioteca universitaria : (Registro nro. 22978)

Detalles MARC
000 -CABECERA
campo de control de longitud fija 01173nam a2200277 a 4500
001 - NÚMERO DE CONTROL
campo de control 000023482
003 - IDENTIFICADOR DEL NÚMERO DE CONTROL
campo de control DO-SdBNP
005 - FECHA Y HORA DE LA ÚLTIMA TRANSACCIÓN
campo de control 20251113092030.0
008 - DATOS DE LONGITUD FIJA--INFORMACIÓN GENERAL
campo de control de longitud fija 880701s1979 xxu b 000 1 spa d
040 ## - FUENTE DE LA CATALOGACIÓN
Centro catalogador/agencia de origen DO-SdBNP
Lengua de catalogación spa
Centro/agencia transcriptor BNPHU
082 ## - NÚMERO DE LA CLASIFICACIÓN DECIMAL DEWEY
Número de clasificación 027.7
Número de documento/Ítem W746b
100 1# - ENTRADA PRINCIPAL--NOMBRE DE PERSONA
Nombre de persona Wilson, Louis R.
9 (RLIN) 48381
240 14 - TÍTULO UNIFORME
Título uniforme The university library: the organization, administration, and functions of academic libraries.
Lenguaje de la obra Español
245 13 - MENCIÓN DE TÍTULO
Título La biblioteca universitaria :
Resto del título su organización, administración y funciones /
Mención de responsabilidad, etc. Louis R. Wilson y Maurice F. Tauber ; traducción Jorge Aguayo.
260 ## - PUBLICACIÓN, DISTRIBUCIÓN, ETC.
Lugar de publicación, distribución, etc. Washington, D. C. :
Nombre del editor, distribuidor, etc. Secretaría General, Organización de los Estados Americanos,
Fecha de publicación, distribución, etc. 1979.
300 ## - DESCRIPCIÓN FÍSICA
Extensión 389 p. ;
Dimensiones 21 cm.
490 1# - MENCIÓN DE SERIE
Mención de serie Manuales del bibliotecario.
Designación de volumen o secuencia 4
504 ## - NOTA DE BIBLIOGRAFÍA, ETC.
Nota de bibliografía, etc. Bibliografía : 375-377 p.
505 0# - NOTA DE CONTENIDO CON FORMATO
Nota de contenido con formato Incluye índice.
534 ## - NOTA SOBRE LA VERSIÓN ORIGINAL
Encabezamiento principal del original Versión española :
Mención de título del original The university library: the organization, administration, and functions of academic libraries
650 #0 - PUNTO DE ACCESO ADICIONAL DE MATERIA--TÉRMINO DE MATERIA
Término de materia o nombre geográfico como elemento de entrada Bibliotecas académicas
9 (RLIN) 48382
650 #4 - PUNTO DE ACCESO ADICIONAL DE MATERIA--TÉRMINO DE MATERIA
Término de materia o nombre geográfico como elemento de entrada Administración de bibliotecas
9 (RLIN) 48383
700 1# - PUNTO DE ACCESO ADICIONAL--NOMBRE DE PERSONA
Nombre de persona Tauber, Maurice F.
9 (RLIN) 48384
700 1# - PUNTO DE ACCESO ADICIONAL--NOMBRE DE PERSONA
Nombre de persona Aguayo, Jorge,
Término indicativo de función/relación tr.
9 (RLIN) 48385
942 ## - ELEMENTOS DE PUNTO DE ACCESO ADICIONAL (KOHA)
Fuente del sistema de clasificación o colocación Dewey Decimal Classification
Tipo de ítem Koha Libro
Existencias
Estado de retiro Estado de pérdida Restricciones de uso No para préstamo Código de colección Localización permanente Ubicación/localización actual Ubicación en estantería Fecha de adquisición Número de inventario Total de préstamos Signatura topográfica completa Código de barras Fecha visto por última vez Precio válido a partir de Tipo de ítem Koha Número de copia
      Excluido de préstamo Monografías: Libros y Folletos General General Depósito 09.12.2010 LF1   027.7 W746b 23482-10 25.06.2020 25.06.2020 No se presta  
  Extraviado   Excluido de préstamo Monografías: Libros y Folletos General General Extraviado 22.05.2017 LF1   027.7 W746b 23482-20 25.06.2020 25.06.2020 No se presta e. 2

Con tecnología Koha